Countries you can fly to from Amsterdam Schiphol Airport (AMS) - Statistics

General Stats
  • This quiz has been taken 11 times
  • The average score is 79 of 83
Answers on the Map
Answers color-coded by a green-red scale on the quiz's map according to % correct below.
 
Answer Stats
Number of destinations Country % Correct
1 Albania
100%
1 Argentina
100%
3 Austria
100%
1 Belgium
100%
2 Brazil
100%
2 Bulgaria
100%
6 Canada
100%
6 China
100%
2 Colombia
100%
4 Croatia
100%
2 Cyprus
100%
1 Czechia
100%
3 Denmark
100%
1 Dominican Republic
100%
2 Ecuador
100%
4 Egypt
100%
1 Estonia
100%
5 Finland
100%
10 France
100%
9 Germany
100%
17 Greece
100%
1 Hungary
100%
1 Iceland
100%
4 India
100%
2 Ireland
100%
18 Italy
100%
2 Japan
100%
2 Kenya
100%
1 Kuwait
100%
1 Latvia
100%
2 Lithuania
100%
1 Luxembourg
100%
1 Malta
100%
2 Mexico
100%
1 Moldova
100%
1 Montenegro
100%
8 Morocco
100%
5 Netherlands
100%
1 North Macedonia
100%
7 Norway
100%
1 Peru
100%
5 Poland
100%
5 Portugal
100%
1 Romania
100%
1 Serbia
100%
1 Slovenia
100%
2 South Africa
100%
1 South Korea
100%
19 Spain
100%
4 Sweden
100%
3 Switzerland
100%
1 Taiwan
100%
1 Thailand
100%
9 Turkey
100%
2 United Arab Emirates
100%
25 United Kingdom
100%
22 United States
100%
1 Vietnam
100%
1 Armenia
90%
1 Costa Rica
90%
1 Ghana
90%
1 Indonesia
90%
1 Israel
90%
1 Malaysia
90%
1 Nigeria
90%
1 Oman
90%
1 Qatar
90%
3 Saudi Arabia
90%
1 Singapore
90%
3 Tanzania
90%
3 Cabo Verde
80%
1 Georgia
80%
1 Iraq
80%
1 Jordan
80%
1 Lebanon
80%
1 Panama
80%
1 Rwanda
80%
1 Suriname
80%
1 Barbados
70%
1 Guyana
70%
1 Jamaica
70%
1 Gambia
60%
1 Trinidad and Tobago
60%
No matching quizzes found
Score Distribution
Percent of People with Each Score
Percentile by Number Answered
Your Score History
You have not taken this quiz